| 000 | 00718nam a22002177a 4500 | ||
|---|---|---|---|
| 999 |
_c13571 _d13571 |
||
| 003 | AR-CdUCM | ||
| 008 | 190304b ||||| |||| 00| 0 spa d | ||
| 040 |
_aMUNICIPALIDAD PROVINCIAL DEL CUSCO _cBIBLIOTECA MUNICIPAL DEL CUSCO |
||
| 082 |
_a868.12 / _bR47 |
||
| 100 |
_aReyes, Alfonso _92307 |
||
| 245 | _aPoema del Cid / | ||
| 260 |
_aMadrid : _bTalleres Espasa-calpe, _c1930. |
||
| 300 |
_a349 páginas : _c16 cm. |
||
| 440 |
_aColeccion Universal _nN° 1 a 4 _932032 |
||
| 505 | _aPresentación -- Destierro del Cid -- Bodas de las hijas del Cid -- La afrenta de Corpes. | ||
| 650 |
_aPoesía _9139 |
||
| 650 |
_aLiteratura _983 |
||
| 650 |
_aEspaña _9176 |
||
| 942 |
_2ddc _cLIBROS |
||
| 945 |
_awnts _d2019-04-15 |
||